| 000 | 00439nam a2200181Ia 4500 | ||
|---|---|---|---|
| 005 | 20250603145625.0 | ||
| 008 | 250603s9999 xx 000 0 und d | ||
| 020 | _a9788120727038 | ||
| 050 | _aJF 1525 .P8/ | ||
| 100 | _aSapru, R. K. | ||
| 245 | 0 | _aPublic policy : formulation, implementation and evaluation | |
| 260 | _aNew Delhi | ||
| 260 | _bSterling | ||
| 260 | _c2004 | ||
| 300 | _a302 p | ||
| 650 | _aNew Delhi | ||
| 942 | _cBK | ||
| 999 |
_c42376 _d42376 |
||